000 01588cam a22004454i 4500
003 PE-LiUPU
005 20250731173439.0
008 150616s r 000 0 d
035 _a(Sirsi) a5638
040 _aPE-LiUPU
_bspa
_cPE-LiUPU
_erda
049 _aPRUA
082 0 4 _a200.9438
_bW19
_221
100 1 _aWalicki, Jerzy,
_eautor.
245 1 3 _aLa Religión en Polonia /
_cJerzy Walicki.
264 1 _aKraków, Polonia :
_bEdiciones Interpress, Varsovia,
_c1970.
300 _a86 páginas ;
_c19 cm.
336 _atext
_2rdacontent
337 _aunmediated
_2rdamedia
338 _avolume
_2rdacarrier
505 0 _aIglesias y asociaciones religiosas en Polonia.- Trasfondo histórico de las relaciones religiosas contemporáneas en Polonia.- La situación de la iglesia Católica Romana en la Polonia Popular.
526 _aSEG42
526 _aSEG41
526 _aSEG40
526 _aSEG39
526 _aP94
526 _aP87
526 _aP86
526 _aP85
526 _aP77
526 _aP76
526 _aP35
651 _aPolonia
_xReligión
_y1944-1989.
910 _ajck
_bjvq
_cjck
942 _2ddc
_cBOOK
949 _a200.9438 W19
_wDEWEY
_c1
_i39418
_lCCODEBUL1
_mBUL
_p00.00
_r0
_sY
_tBOOK
_u19950927
_xTEOLOGIA
_zUNKNOWN
_0COMPRA
_o.STAFF. Colección General
994 _aC0
_bPEPRU
596 _a1
999 _a200.9438 W19
_wDEWEY
_c56688
_i39418
_f2021-11-11
_g5
_lCCODEBUL1
_mBUL
_r0
_sY
_tBOOK
_u2015-6-16
_xTEOLOGIA
_zUNKNOWN
_0COMPRA
_o.STAFF. Colección General
_d56688
980 _81
_gALBERTO SANCHEZ Responsable de Automatización